Narrative design : Working with imagination, craft, and form

Unconscious mind -- Linear design. Depth charge / Craig Bernardini ; A wife of Nashville / Peter Taylor ; Daisy's Valentine / Mary Gaitskill ; Hear that long train moan / Percival Everett ; Oh, man alive / Holden Brooks ; The sky is gray / Ernest J. Gaines -- Modular design. Signs of life / Mir...

সম্পূর্ণ বিবরণ

সংরক্ষণ করুন:
গ্রন্থ-পঞ্জীর বিবরন
প্রধান লেখক: Bell, Madison Smartt
বিন্যাস: গ্রন্থ
ভাষা:Undetermined
প্রকাশিত: New York Norton & Company 2000
বিষয়গুলি:
ট্যাগগুলো: ট্যাগ যুক্ত করুন
কোনো ট্যাগ নেই, প্রথমজন হিসাবে ট্যাগ করুন!
Thư viện lưu trữ: Trung tâm Học liệu Trường Đại học Cần Thơ
LEADER 01231nam a2200217Ia 4500
001 CTU_121820
008 210402s9999 xx 000 0 und d
082 |a 808.93 
082 |b B433 
100 |a Bell, Madison Smartt 
245 0 |a Narrative design : 
245 0 |b Working with imagination, craft, and form 
245 0 |c Madisson Smartt Bell 
260 |a New York 
260 |b Norton & Company 
260 |c 2000 
520 |a Unconscious mind -- Linear design. Depth charge / Craig Bernardini ; A wife of Nashville / Peter Taylor ; Daisy's Valentine / Mary Gaitskill ; Hear that long train moan / Percival Everett ; Oh, man alive / Holden Brooks ; The sky is gray / Ernest J. Gaines -- Modular design. Signs of life / Miriam Kuznets ; Lizzie, Annie, and Rosie's rescue of me with blue cake / Carolyn Chute ; The child downstairs / Marcia Golub ; Red hands / William T. Vollmann ; Comic strip / George Garrett ; Little Red / Gilmore Tamny -- A philosophy of composition. 
650 |a English language,Short stories, American.,Narration (Rhetoric),Short story,Fiction,Narration,Văn tường thuật 
650 |x Rhetoric,Authorship 
904 |i Thủy 
980 |a Trung tâm Học liệu Trường Đại học Cần Thơ